[Event "St Petersburg-ch"]
[Site "St Petersburg"]
[Date "1996.??.??"]
[Round "3"]
[White "Sivokho, Sergey V"]
[Black "Sakaev, Konstantin"]
[Result "0-1"]
[WhiteElo "2410"]
[BlackElo "2600"]
[Annotator "Atlas,V"]
[PlyCount "146"]
[EventDate "1996.04.??"]
[EventType "tourn"]
[EventRounds "13"]
[EventCountry "RUS"]
[EventCategory "11"]
[SourceTitle "CBM 056"]
[Source "ChessBase"]
[SourceDate "1997.02.01"]
[SourceVersion "1"]
[SourceVersionDate "1997.02.01"]
[SourceQuality "1"]

1. e4 c5 2. Nc3 Nc6 3. Nge2 d6 4. g3 g6 5. d4 cxd4 6. Nxd4 Bg7 7. Nde2 Nf6 8.
Bg2 O-O 9. O-O Rb8 10. a4 a6 11. h3 b5 12. axb5 axb5 13. Nd5 Nd7 14. c3 (14.
Ra2 {yields Black excellent counterchances:} e6 15. Ne3 Nc5 16. g4 (16. Bd2 b4
17. b3 Ba6 18. Re1 Qc7 19. Nf1 Ra8 20. Nc1 Bb5 $15 {Giertz,N-Tatai,S/Zurich
open 1988}) 16... Bb7 17. Ng3 Qc7 18. f4 Ra8 $15 {Del Rio,G-Relange,E/Matinhos
1994}) 14... e6 $5 $146 ({The standard continuaition} 14... Nc5 {proved to be
a reliable idea:} 15. Nd4 Bd7 16. Bg5 Re8 17. Nxc6 Bxc6 18. Ra7 Rb7 19. Rxb7
Bxb7 20. Qd2 f6 21. Be3 e6 22. b4 Nd7 23. Nf4 Ne5 $11 {Rodriguez,A-Garbarino,R/
San Martin 1995}) 15. Ne3 Nc5 16. Nd4 Bd7 17. Nec2 Nxd4 18. Nxd4 (18. cxd4 {
allows Black to develop initiative after} Nb3 19. Ra7 (19. Ra3 $6 Nxc1 20. Qxc1
b4 $15) 19... Nxc1 20. Qxc1 b4 $36 {/\b3, /\Bb5, Qb6}) 18... b4 19. c4 $2 ({
Loses an exchange without due compensation.} 19. Bd2 {was to be preferred:} Nd3
20. Qc2 bxc3 21. Bxc3 Nb4 $11) 19... Bxd4 20. Qxd4 Nb3 21. Qxd6 Rb6 $1 (21...
Nxa1 22. Bh6 $44) 22. Qd3 Nxa1 23. Be3 (23. Bh6 Bc6 $17) 23... Rb8 24. Rxa1 Bc6
$15 25. Qc2 Qe7 26. h4 e5 27. c5 Ra8 (27... h5 $5 28. Qc4 Kg7) 28. Rc1 Qe6 29.
Bf1 Qg4 (29... Qd7 $5 {/\Qb7=/+}) 30. Bg2 Rfd8 (30... b3 $2 31. Qxb3 Bxe4 32.
Qc4 $18) (30... Qd7 $142 {/\Qb7}) 31. Kh2 Kg7 32. Re1 Qd7 {/\Qd3} 33. Qc1 f6 $6
(33... Qd3 $2 {was bad in view of} 34. Bh6+ Kg8 35. Qg5 $18 {->}) (33... Qe7
$142 $15) 34. Bh6+ Kh8 35. Qc4 $1 {After this move White gets full
compensation for the exchange.} Qe7 (35... Rab8 36. Rd1 $1 Qe7 (36... Qxd1 $2
37. Qf7 $18) 37. Rxd8+ (37. Rd6 $143 $2 Rxd6 38. cxd6 Qxd6 39. Qf7 Rg8) 37...
Rxd8 38. Qxb4 $13) 36. Qxb4 $132 Rab8 37. Qc3 Rd4 38. Re2 $2 ({A mistake,
passing an advaantage to Black. After} 38. f4 $1 {/^a1-h8; ><e5} Rdb4 39. fxe5
fxe5 (39... Qxe5 $2 40. Bf4 $16) 40. Bf4 $36 {White retains good
counterchances.}) (38. Bc1 $5 $13 {also deserved attention.}) 38... g5 $1 $17 {
ץh6, /\Rg8-g6} 39. f4 gxf4 40. gxf4 Rg8 $1 {/\Rg6} 41. f5 Qb7 {><e4} 42. Qf3
Rb4 43. Qd3 {/\Qd6} Rd4 (43... Rxb2 44. Qd6 $1 Rxe2 45. Qxf6+ Rg7 46. Qf8+ $11)
44. Qf3 Qb4 45. Qh5 Qc4 $1 (45... Bxe4 $4 46. Qf7 $18) (45... Qxc5 $2 46. Be3)
46. Qf3 (46. Be3 $2 Rxe4 $1 47. Bxe4 Qxe4 $19) 46... Rd3 47. Be3 Rb3 48. Rd2
Qb4 49. Rc2 Rxb2 50. Rxb2 Qxb2 $19 51. Bh6 Qc2 52. Be3 Rb8 53. Qg4 Qd3 (53...
Rb2 $2 54. Bh6 Rb7 55. Bf8 {/\h5-h6}) 54. Bh6 Rg8 55. Qf3 Qc4 56. Be3 Bb5 57.
Qh5 Qc2 58. Qf3 Bc6 59. Bg1 Be8 $1 {/\Bh5. the game is lost. The rest needs no
comment.} 60. Qf2 Qxf2 61. Bxf2 Bb5 62. Bf3 Ra8 63. h5 Kg7 64. Kg2 Ra2 65. Kg1
Ra3 66. Kg2 Rc3 67. Bd1 Bc6 68. Bf3 Kf7 69. h6 Rc4 70. Bh5+ Kf8 71. Bh4 Bxe4+
72. Kg3 Rc3+ 73. Kh2 Bxf5 0-1

[Event "Schlechter Memorial"]
[Site "Vienna"]
[Date "1996.??.??"]
[Round "5"]
[White "Balinov, Ilia"]
[Black "Rotstein, Jefim"]
[Result "1-0"]
[WhiteElo "2385"]
[BlackElo "2315"]
[Annotator "Balinov,I"]
[PlyCount "77"]
[EventDate "1996.10.10"]
[EventType "swiss"]
[EventRounds "9"]
[EventCountry "AUT"]
[SourceTitle "CBM 055 Extra"]
[Source "ChessBase"]
[SourceDate "1997.01.01"]
[SourceVersion "1"]
[SourceVersionDate "1997.01.01"]
[SourceQuality "1"]

1. e4 c5 2. Nf3 Nc6 3. d4 cxd4 4. Nxd4 g6 5. Be2 (5. c4 {Maroczy}) 5... Bg7 6.
Nb3 Nf6 7. Nc3 O-O 8. O-O d6 {Mit Zugumstellung haben wir eine populäre
Variante des "Drachen" am Brett.} 9. Re1 {Als Hauptvariante gelten 9. Lg5 oder
9. Le3. Der Textzug verfolgt die Absicht Sc3-d5 nebst Druck auf "e7".} a6 {
In Frage kam auch} (9... Be6 {nebst 10. ...Tc8.}) 10. Bf1 b5 11. Bg5 {Bereitet
Sc3-d5 vor.} h6 $6 {Von minderer Güte, schwächt der Zug lediglich die schwarze
Bauernstellung.} 12. Bh4 Bb7 13. a4 bxa4 (13... b4 14. Nd5 Nxd5 15. exd5 Ne5
16. f4) 14. Rxa4 Nd7 $2 {Notwendig war} (14... Re8) 15. Nd5 $1 Nb6 (15... Bxb2
$2 {verbietet sich wegen} 16. c3 Nb6 17. Ra2 Nxd5 18. exd5) 16. Ra2 {
Interessant war} (16. Rb4 $5 Nxb4 (16... Nxd5 17. Rxb7 Nb6 18. Qd2 {nebst 19.
De3, jeweils mit Vorteil für Weiß.}) 17. Bxe7 Qd7 18. Bxf8 N4xd5 19. Bxg7 Kxg7
20. exd5 Bxd5) 16... g5 17. Bg3 a5 (17... Nxd5 18. exd5 Nb4 19. Ra5 Bxb2 20.
Qd2 Qb6 21. c3 $16 {/+-}) 18. c3 Nxd5 19. exd5 Ne5 20. c4 $1 {/\ 21. Nd4.
Sofortiges 20. Sd4 geht nicht da der Bd5 hängt.} Qb6 $6 {[#]} 21. c5 $1 {
Möglich war auch} (21. Nd4 Qxd4 22. Qxd4 Nf3+ 23. gxf3 Bxd4 24. Rxe7 {usw.})
21... Qb4 22. c6 Bc8 23. Nd2 $1 Bg4 (23... Bf5 24. Bxe5 Bxe5 25. Nc4 Bf6 26.
Ra4 Qc5 27. Ne3 {nebst 28. Ld3 mit Vorteil für Weiß.}) 24. Qc2 Bf5 25. Qxf5
Qxd2 26. Raa1 Qxd5 27. Bxe5 dxe5 28. Bd3 $16 {/+- Der c-Bauer trägt den
Marschallstab im Tornister.} Rfc8 29. Be4 Qd6 30. Red1 Qf6 $2 {Ein Fehler in
bereits schwieriger Stellung.} (30... Qb8 31. Rd7 Qxb2 32. Rb1 Qa3 33. c7 $18)
31. Qxf6 Bxf6 32. c7 e6 33. Bxa8 Rxa8 34. Rxa5 Rc8 35. Rd7 Kf8 36. Rc5 e4 37.
b4 Ke8 38. Rd1 Be7 39. Rc4 1-0

[Event "GER-ch 66th"]
[Site "Binz"]
[Date "1994.??.??"]
[Round "6"]
[White "Wahls, Matthias"]
[Black "Bangiev, Alexander J"]
[Result "1/2-1/2"]
[WhiteElo "2540"]
[BlackElo "2385"]
[Annotator "Bangiev,A"]
[PlyCount "100"]
[EventDate "1994.11.??"]
[EventType "swiss"]
[EventRounds "9"]
[EventCountry "GER"]
[SourceTitle "CBM 044"]
[Source "ChessBase"]
[SourceDate "1995.02.01"]
[SourceVersion "1"]
[SourceVersionDate "1995.02.01"]
[SourceQuality "1"]

1. e4 c5 2. Nf3 g6 3. d4 cxd4 4. Nxd4 Bg7 5. Nc3 Nc6 6. Nb3 Nf6 7. Be2 O-O 8.
O-O a5 9. a4 Nb4 10. Bf3 (10. Bg5 h6 11. Bh4 g5 12. Bg3 d5 $5 $13) 10... d6 11.
Bg5 $6 (11. Re1 Bd7 12. Nd5 (12. Bg5 $5 Qc8 13. Qd2 Bg4 14. Bxg4 Qxg4 15. f3
Qe6 16. Nd4 Qc4 17. Rac1 Rac8) 12... Nfxd5 13. exd5 Bf5 14. Be4 Qc8 15. c3 Bxe4
16. Rxe4 Qf5 17. Rd4 Bxd4 (17... Nc2 $2 18. g4) 18. Nxd4 Qd3 $17) (11. Nd4 Bd7)
11... Nd7 $5 12. Rc1 Nb6 13. Nd4 Bd7 14. b3 Rc8 15. Qd2 Bc6 16. Rfe1 Re8 $6 (
16... Qd7 $5 $15 {/\Rc7,Rfc8} 17. Nd5 $6 Bxd5 18. exd5 N4xd5 19. c4 Nf6) 17.
Bg4 $1 Nd7 $6 (17... Bd7 $142 18. Bxd7 Nxd7 19. Ncb5 Nc5) 18. Ncb5 $1 {/\Nd6}
Bxb5 19. Nxb5 Rc6 $8 (19... h6 $2 20. Bxh6 Bxh6 21. Qxh6 Rxc2 22. Rxc2 Nxc2 23.
Rc1 Ne5 (23... Nf6 24. Be6 $1) 24. Bh3 Nb4 25. Nc7 Rf8 26. Ne6 fxe6 27. Bxe6+
Rf7 28. Rc8 $16) (19... Bb2 20. Nxd6 Bxc1 21. Rxc1 $16) (19... Na2 20. Nxd6 Bc3
21. Qf4) 20. c3 Na6 21. Bxd7 $6 Qxd7 22. c4 Nc5 $6 (22... Rd8 $5 {/\Qe8-f8,
Rcc8,Nb4-c6}) 23. Rb1 (23. Qc2 $5) 23... Ra6 24. Bh6 Bh8 25. Qc2 Rc8 26. Rbd1
Qe6 27. Bc1 Raa8 28. Bb2 $6 (28. f4 {/\Re2,Rf1 -> f4-f5 -> f7}) 28... Bxb2 29.
Qxb2 f6 30. Qc2 Qf7 31. Re3 Ne6 32. Nc3 Kh8 33. Nd5 Rg8 34. h4 $6 Nd8 35. Rg3
Nc6 36. Qc3 Rad8 37. Rf3 Rgf8 38. Qe3 Qe6 39. Nc7 Qc8 40. Nd5 Qe6 41. Rg3 Qf7
42. Qb6 Rd7 43. Rgd3 f5 $1 $15 44. Nc3 Qf6 45. c5 Qxh4 46. cxd6 fxe4 47. Rh3
Qg4 48. Rg3 Qf5 49. dxe7 Rxe7 50. Qe3 (50. Re1 e3 $1) 50... Qe6 $15 1/2-1/2

[Event "Olympiad-36"]
[Site "Mallorca"]
[Date "2004.10.26"]
[Round "11"]
[White "Johansen, Darryl Keith"]
[Black "Schandorff, Lars"]
[Result "1/2-1/2"]
[WhiteElo "2483"]
[BlackElo "2510"]
[Annotator "Bangiev,A"]
[PlyCount "41"]
[EventDate "2004.10.15"]
[EventType "team-swiss"]
[EventRounds "14"]
[EventCountry "ESP"]
[SourceTitle "CBM 104"]
[Source "ChessBase"]
[SourceDate "2005.01.27"]
[SourceVersion "1"]
[SourceVersionDate "2005.01.27"]
[SourceQuality "1"]
[WhiteTeam "Australia"]
[BlackTeam "Denmark"]
[WhiteTeamCountry "AUS"]
[BlackTeamCountry "DEN"]

1. e4 c5 2. Nc3 Nc6 3. Nge2 Nf6 4. g3 g6 5. d4 cxd4 6. Nxd4 Bg7 7. Nde2 O-O 8.
Bg2 Rb8 $5 {[%cal Ye5d4] Der Vorstoß b5-b4 stellt hier ein wichtiges Element
der schwarzen Initiative am Damenflügel dar.} (8... d6 {ist die
Hauptfortsetzung.} 9. O-O Rb8) 9. a4 a6 10. O-O b5 11. axb5 axb5 12. Bg5 (12.
Nd5 $5) 12... h6 13. Bf4 d6 14. Nd5 Ng4 (14... Nd7 $5 15. c3 (15. Rb1 e6) (15.
Bc1 b4) 15... e6 16. Bxd6 exd5 17. exd5 Nce5 $13) 15. h3 Nge5 16. Bc1 {/\f4} e6
17. Ne3 Nc4 18. c3 (18. Nxc4 $6 bxc4 {[%cal Og7b2,Gc2e4]}) 18... Qc7 19. Rb1
Kh7 (19... Ba6 20. b3) 20. b3 Nxe3 21. Bxe3 1/2-1/2

[Event "BL2-Nord 9900"]
[Site "Germany"]
[Date "1999.11.07"]
[Round "2.2"]
[White "Zeitlein, Michael"]
[Black "Bangiev, Alexander J"]
[Result "1/2-1/2"]
[WhiteElo "2450"]
[BlackElo "2400"]
[Annotator "Bangiev,A"]
[PlyCount "33"]
[EventDate "1999.10.10"]
[EventType "team-tourn"]
[EventRounds "9"]
[EventCountry "GER"]
[SourceTitle "CBM 074 Extra"]
[Source "ChessBase"]
[SourceDate "2000.03.10"]
[SourceVersion "2"]
[SourceVersionDate "2000.03.10"]
[SourceQuality "1"]
[WhiteTeam "Werder Bremen II"]
[BlackTeam "Isernhagen"]
[WhiteTeamCountry "GER"]
[BlackTeamCountry "GER"]

1. e4 c5 2. Nf3 g6 3. d4 Bg7 4. Be2 cxd4 (4... d5 $5 5. dxc5 (5. exd5 cxd4 6.
Bb5+ (6. Nxd4 Qxd5) 6... Kf8 7. Nxd4 $2 Qxd5 $17) 5... Qa5+ 6. Qd2 Qxd2+ 7.
Nbxd2 $14) 5. Nxd4 Nc6 (5... d5 6. Bb5+ $1 (6. exd5 Qxd5 7. Nb5 $14) 6... Kf8
7. Nc3 $1 e5 (7... dxe4 $2 8. Ne6+) 8. Nb3 d4 9. Nd5 $14) 6. Nb3 Nf6 7. Nc3 d6
8. O-O O-O 9. Re1 $5 {/\Bf1 gefolgt von Nd5} Be6 (9... a6 $5 10. Bg5 (10. Bf1
b5) 10... b5) 10. Bg5 {/\Nd5} (10. Bf1 Nd7 (10... d5 $5 11. Nc5 Bg4 12. f3 d4
$13) 11. Nd5 Rc8 12. c3 Nce5 13. Bg5 Re8 14. Rc1 Nc4 15. Rc2 Ndb6 16. h3 Qd7
17. Nf4 Na4 18. Nd3 d5 {0-1 Meister,Y-Tiviakov,S/ Cheliabinsk 1990/(53)}) 10...
Nd7 {Ein bekannter Plan: /\Nb6-c4} (10... Rc8 11. Bf1) 11. Qd2 (11. f4 a5 $5
12. a4 $1 $13) 11... Nb6 $6 (11... Rc8 $142 12. Rad1 (12. Bh6 $6 Bxh6 13. Qxh6
Qb6 $132) 12... Re8 (12... Nce5 13. Nd5 $36) (12... a5 $6 13. Bb5) (12... Nb6
13. Bh6) 13. Bh6 Bxh6 14. Qxh6 Qb6 $132) (11... Re8 $5 12. Bh6 Bxh6 (12... Bh8
$6 13. f4 {/\f5}) 13. Qxh6 Qb6 $132) 12. Bh6 (12. Rad1 Ne5 (12... Rc8 $5) 13.
Nd5 Re8 14. Bb5 $6 Bd7 15. Bxd7 Qxd7 $132) 12... Bxh6 13. Qxh6 Rc8 14. Rad1 Nd7
$5 {/\Qb6} (14... Nb4 $6 15. Rd2 $1 (15. e5 $6 Nxc2 16. Ne4 $5 {/\Ng5} f6 $1
$132) 15... Nc4 16. Bxc4 Bxc4 17. e5 $36) 15. h4 $6 (15. Nd5 $1 Nb6 $5 (15...
Bxd5 $2 16. exd5 $16) (15... Nde5 16. f4 $14) 16. Nf4 $36) 15... Qb6 $1 16. h5
(16. Nd5 $6 Bxd5 17. exd5 Nb4 $36) 16... Nf6 $132 17. hxg6 (17. Nd5 Bxd5 18.
exd5 Ne5) (17. hxg6 fxg6 18. Qh4 $1 (18. Nd5 $2 Nxd5) 18... Kh8 {/\g5} 19. Nd5
(19. Na4 Qb4 20. Nc3 Qb6 $11) 19... Bxd5 20. exd5 g5 $5 (20... Ne5 21. c4 g5
22. Qd4 $14) 21. Qxg5 (21. Qg3 Ne4 $15) 21... Ne5 22. c3 Qxf2+ 23. Kxf2 Ne4+
24. Kg1 Nxg5 $13) 1/2-1/2

[Event "Vasteras op"]
[Site "Vasteras"]
[Date "2012.09.30"]
[Round "7"]
[White "Berg, Emanuel"]
[Black "Hedman, Erik"]
[Result "1-0"]
[WhiteElo "2578"]
[BlackElo "2384"]
[Annotator "Berg,E"]
[PlyCount "109"]
[EventDate "2012.09.24"]
[EventType "swiss"]
[EventRounds "9"]
[EventCountry "SWE"]
[SourceTitle "CBM 151"]
[Source "ChessBase"]
[SourceDate "2012.11.13"]
[SourceVersion "1"]
[SourceVersionDate "2012.11.13"]
[SourceQuality "1"]

1. e4 c5 2. Nf3 d6 3. d4 cxd4 4. Nxd4 Nf6 5. Nc3 a6 6. Qf3 {After having
studied three games of Nigel Short winning with the white pieces I decided to
give this rather untheoretical move a try with the hope of surprising my
opponent.} g6 {Black switches to the Dragon Variation. This used not to be so
clever after having played ...a6. However after 6.Qf3 Black might claim that
White's setup is not perfect either.} ({In the games played by Short two games
followed} 6... Nbd7 {when White had better chances after} 7. h3 {1-0 (41)
Short,N (2677)-Istratescu,A (2628) Bunratty 2012} ({and} 7. Be2 {1-0 (28)
Short,N (2674)-Grandelius,N (2491) Malmo 2009.})) 7. h3 {White takes control
of the g4 square which is necessary in order to complete development and later
on 0-0-0. It also prepares the move g4 which should come at some point.} ({
Starting with} 7. Be3 {is likely to transpose after} Bg7 8. h3 {but White also
has to take the knight move to g4 into account.}) 7... Bg7 8. Be3 ({was played
by Vallejo but White's pieces look a little loose here. The idea seems to be
to let Black win a tempo by} 8. Bg5 Qa5 {when after} 9. Be3 O-O 10. O-O-O Nc6
11. Kb1 Bd7 (11... Nxd4 12. Bxd4 Be6 {looks like an improvement for Black.})
12. Nb3 {1-0 (54) Vallejo Pons,F (2697)-Topalov,V (2752) Leon 2012 White wins
this tempo back. An interesting position with mutual chances arose next.}) 8...
O-O 9. g4 $6 {This seems to be a mistake here as White is not yet ready to go
for a straightforward attack. Instead quiet development should be preferred.} (
9. O-O-O Nc6 10. g4 ({and now} 10. Kb1 $1 $146 {would avoid the problems with
the a2-pawn which followed in the game.})) ({or} 9. Be2 {followed by 0-0 when
White's king is safe while White still can create attacking possibillities on
the kingside.}) 9... Nc6 {With regular development Black has achieved a good
version of the Dragon.} 10. O-O-O Bd7 11. Qg2 $6 {This is the normal follow-up
for White, preparing to play f4. However against this setup by Black this idea
doesn't work very well and White shouldn't have played g4 that early, as was
already mentioned.} ({Taking this into account White should rather head for
either} 11. Be2) ({or} 11. g5 {to create counterplay in time. Although Black
is perfectly fine in both cases White does at least get some activity.}) 11...
Rc8 12. f4 {Continuing according to the plan.} ({White has also tried} 12. Be2
{when after} Nxd4 13. Bxd4 e5 14. Be3 Rxc3 $1 15. bxc3 Qa5 {0-1 (26) Abergel,T
(2538)-Negi,P (2621) Cappelle la Grande 2010 Black obtained very strong
counterplay for the exchange and went on to win}) (12. Nb3 $146 {was worth
considering in order to avoid what happened in the game. However Black has
concrete tactics after} Nb4 $1 $15 {when both ...Rxc3 and ...Nxc2 are in the
air.}) 12... Nxd4 $1 {This exchange is very strong at this point. During the
game it came as somewhat of a surprise, but I soon realised that I was in
severe trouble.} 13. Bxd4 Qa5 {Now Black is threatening ...e5 followed by an
exchange sacrifice on c3.} 14. Qg3 (14. Qg1 {intending Bb6 can be met by} {
the simple} Rc6 $36 {adding further pressure on the c-file.} (14... Rxc3 15.
Bxc3 Qxa2 16. Bd3 Bc6 $44) 15. Qg3 Be6 16. a3 b5 17. e5 dxe5 18. fxe5 Nd7 $36)
(14. f5 {would at least stop ...Be6 but after} e5 $1 15. fxe6 Bxe6 $36 {
Black gets there anyway leaving White with a troublesome future.}) 14... Be6 $1
{A small but very important improvement. Black gets out of any x-ray attack on
the d-file and adds pressure to White's position. Now ...b5 is something White
has to comsider seriously. Also exchange sacrifices on c3 can be very
dangerous.} 15. a3 b5 {Black is ready for the b4-break and White doesn't have
much time to create counterplay.} 16. f5 $6 (16. Qg1 Rc6 $40 17. f5 b4 $17 {
would not make things better.}) (16. Qd3 $1 {seems to be the best defence.} b4
17. axb4 Qa1+ (17... Qxb4 18. g5 Nh5 $15 {is also good for Black.}) 18. Kd2
Qxb2 19. Rb1 Qa3 (19... Qxc3+ $2 {is a bit too speculative. Now White is
better after} 20. Bxc3 Rxc3 21. Qe2 $1 Rfc8 22. Kd1 $14 {although Black
definitely has a lot of compensation for the queen.}) 20. Nd5 Qxd3+ 21. Bxd3
Nxe4+ 22. Bxe4 Bxd5 23. Bxg7 Bxe4 24. Bxf8 Rxc2+ 25. Ke3 Bxh1 26. Bxe7 Bc6 27.
Bxd6 Rh2 28. Rc1 Rxh3+ 29. Kd4 $44 {[%csl Rg8][%cal Gg4g5] And White should
have enough counterplay to save the draw.}) 16... b4 17. e5 $4 {This move is
simply losing. However neither my opponent nor I was able to calculate it
until the end, so practically speaking this appeared to be quite a good
decision.} (17. axb4 $4 {loses to} Qa1+ 18. Kd2 Qxb2 $19 (18... Rxc3 19. Qxc3
Nxe4+ 20. Ke1 Qxd1+ 21. Kxd1 Nxc3+ 22. bxc3 {gives White chances to hold a
draw.})) ({Objectively speaking} 17. fxe6 $8 {was the move to be played when
we have} bxc3 (17... bxa3 $5 {is also interesting when play gets very messy. A
possible line is} 18. Na2 axb2+ 19. Kb1 Nxe4 20. exf7+ Rxf7 21. Qb3 Bxd4 22.
Rxd4 Qe5 23. Rd5 Nd2+ 24. Rxd2 Qe1+ 25. Kxb2 Qxd2 26. Bxa6 Rc5 27. Rf1 e6 $13 {
with a pretty unclear position.}) 18. Bxc3 Nxe4 19. Bxa5 Nxg3 20. Rg1 Nxf1 21.
exf7+ Rxf7 22. Rgxf1 {when White has good chances of a draw although Black is
on top after} Rcf8 $15) 17... dxe5 $2 {This move lets White get out with a
very decent position.} (17... Nd5 $19 {was one option when in the long run
Black is winning due to his superb initiaitve.}) ({However the most
straightforward line is} 17... Rxc3 18. Bxc3 bxc3 (18... Ne4 19. Bxb4 Qxb4 20.
Qe3 $1) 19. Qxc3 Bh6+ $1 {This was the critical move we both missed during the
game. When waiting with the exchange on c3 for a move White no longer has the
b2-square available.} (19... Qxc3 20. bxc3 Bd5 21. Rg1 dxe5 22. g5 Bf3 $17 {
would also be good enough for a clear advantage and likely winning in the long
run.}) 20. Kb1 Qxc3 21. bxc3 Ne4 $19 {Now the threat of ...Ncx3+ prevents
White from taking on e6. Black's material advantage and powerful pair of
Bishops should provide a comfortable win.}) 18. Qxe5 {Forces the exchange of
queens with a miraculous escape.} Qxe5 19. Bxe5 bxc3 20. fxe6 cxb2+ $6 (20...
Ne4 21. Bxg7 Kxg7 22. Rd7 cxb2+ 23. Kxb2 Rc6 24. Bg2 Rb6+ 25. Kc1 Rxe6 26. Re1
f5 $15 {would have kept an advantage for Black.}) 21. Bxb2 fxe6 22. Bxa6 {
Suddenly White has equalised on material and has the bishop pair along with
two passed pawns, which even gives him some practical winning chances.} Rc7 23.
Rhe1 Rb8 24. g5 Nd5 {Black decided to play actively rather than defending his
e6-pawn at any cost.} (24... Nh5 25. Bxg7 $14) 25. Bxg7 Kxg7 26. Rxe6 Nc3 27.
Rde1 Kf7 28. Bd3 Na4 29. R6e4 Nc5 30. Bc4+ e6 $5 {An interesting decision.
Black gives up another pawn in order to get the white bishop exchanged. Not at
all a bad idea in view of the double rook endning that provides Black with
excellent drawing chances.} 31. Bxe6+ Nxe6 32. Rxe6 Rbc8 33. R1e2 Ra8 34. R2e3
Ra5 35. h4 Rca7 36. Rf6+ Kg7 37. Rff3 ({At some point White will have to give
up a pawn in order to exchange off a pair of rooks. Instead of playing
passively,} 37. c4 {looks like a good way to continue.} Rc7 (37... h6 38. Ree6
$16) (37... Rxa3 38. Rxa3 Rxa3 39. Kb2 {seems to be winning for White as the
black king is cut off from the c-pawn and White can defend h4 by Rf4 when
necessary.}) 38. Rf4 $16 {and White has a much more active position than in
the game.}) 37... h6 38. Rg3 Ra4 39. Rh3 Rc7 40. Kb2 hxg5 41. hxg5 Ra5 42. Rhg3
Rcc5 {Black is now about to eliminate White's last kingside pawn, after which
he will have excellent drawing chances.} 43. Re7+ Kf8 44. Re6 (44. Rd7 Rxg5 45.
Rb3 Rge5 46. Rb8+ Re8 47. Rbb7 g5) 44... Kf7 45. Rf6+ Kg7 46. Rf1 Rxg5 {
In a way this move helps White as it's much easier to make progress with only
one pair of rooks on the board. However Black will probably have to allow this
at some point anyway.} (46... Rcb5+ 47. Ka2 Rxg5 48. Rxg5 Rxg5 49. a4 {is
similar.}) 47. Rxg5 Rxg5 {Now White must act quickly as if Black can get his
king over to b7 he would have a theoretical draw even without his g6-pawn.} 48.
a4 $1 {Planning Ra1 and pushing the a-pawn forward.} Re5 49. Kb3 g5 50. Ra1 g4
51. a5 g3 52. a6 g2 53. a7 Re8 54. Kb4 Ra8 $2 {This makes things easy for
White.} (54... Rf8 55. Rg1 Ra8 56. Rxg2+ Kf7 57. c4 Rxa7 58. Re2 $18 {wins for
White.}) (54... Kf6 {would at least force White to show some technique.} 55. c4
(55. Kb5 {would not lead anywhere as Black can give checks from the side.} Re5+
56. Kc6 (56. Kb4 Re8 57. c4 $18) 56... Re6+ 57. Kd7 $4 {allows} Re7+ {followed
by ...Rxa7. when Black has at least a draw.}) 55... Ra8 56. Rg1 Rxa7 57. Rxg2
Ke6 58. Rd2 $1 $18 {is also winning.}) 55. Kb5 {Black resigned as ...g1Q can
be taken with check.} 1-0